Leader xxxxxxxxxx
001 __ PCLIS00048620
005 __ 20230313114005.0
010 0_ |a978-986-6281-86-0|b平裝|dNT$380
100 __ |a20150417d2014 m y0chiy09 e
101 0_ |achi
102 __ |atw
105 __ |aa z 000cy
200 1_ |a捨得 捨不得|e帶著金剛經旅行|f蔣勳文字.攝影.書法
205 __ |a初版
210 __ |a臺北市|c有鹿文化出版|c紅螞蟻圖書總經銷|d2014[民103]
215 0_ |a309面|c部分彩圖|d21公分|e1 CD
225 2_ |a看世界的方法|v75
306 __ |a2015年第十二次印行
410 _0 |12001 |a看世界的方法|v75
517 1_ |a捨得,捨不得|zchi
517 1_ |a捨得,捨不得|zchi
517 1_ |a帶著金剛經旅行|zchi
606 __ |2cst|a散文
681 __ |a855|b848
681 __ |a855|b8480
700 _1 |a蔣|b勳|4文字.攝影.書法
801 _0 |atw|b內湖高中|c20140417|gCCR
801 _2 |atw|b內湖高中|c20230313|gCCR
|